000 01858nam0a2200385 4500
001 RU\NLR\BIBL_A\012512499
005 20250714103904.0
010 _a978-5-6045540-0-5
_91000
021 _aRU
_bКН-П-20-084443
_9КН-П-20-6421
035 _a(NLR Aleph) 012512499
035 _a(RuMoRGB)010527955
090 _a12276821
_c12276821
100 _a20210428d2020 u y0rusy50 ca
101 0 _arus
102 _aRU
105 _ay|||z|||000ay
181 0 _ai3
_baxxe
182 0 _an
200 1 _aДорога на край мира
_eрассказы
_fКассандра Тарасова
_gиллюстрации художника Натальи Ивановой (Гиндикиной)
203 _aТекст
_bвизуальный
_cнепосредственный
210 _aМосква
_cТО СКОЛ
_d2020
215 _a105, [1] с.
_cил.
_d21
225 1 _aЗолотая коллекция
300 _aНа 4-й с. обл. авт.: писательница, худож. Кассандра Тарасова
327 0 _aСодерж.: Бабочка; Дорога на край мира; Источник; Запах сушёных звёзд; Жестяной зонт; Здесь могла быть ваша реклама; И вкус космоса был сладок; Андрей; Поляна; Час и десять минут [и др.]
333 _a12+
686 2 _aШ6(2=Р)8-445
700 1 _aТарасова
_bК.
_cписатель
_gКассандра
_9142926
_3RU\NLR\AUTH\770142962
702 1 _4440
_7ca
_8rus
_aИванова
_bН.
_cхудожник, поэт
_gНаталия
_9191053
_3RU\NLR\AUTH\770191104
942 _cBOOK
980 _aNB
980 _aNBR